Szczegóły MARC21

The man of property /

003 -Nazwa inst., której nr kontr. jest w polu 001 [,]
    • @
    • Nazwa instytucji, której n kontrolny jest w polu 001
    • NUKAT
005 -DATA I CZAS OSTATNIEJ MODYFIKACJI [,]
    • @
    • pole kontrolne
    • 20241231111354.0
040 -Instytucja sporządzająca opis [ , ]
    • a
    • Instytucja, która sporządziła opis (NP)
    • WA U/BM
    • c
    • Instytucja, która sporządziła rekord (NP)
    • WA U/BM
    • d
    • Instytucja, która zmodyfikowała rekord (P)
    • WA U/JL
942 -Rodzaj dokumentu [ , ]
    • c
    • Rodzaj dokumentu
    • Książka
100 -Hasło główne - nazwa osobowa [1, ]
    • a
    • Nazwa osobowa (NP)
    • Galsworthy, John
    • d
    • Daty biograficzne (NP)
    • (1867-1933).
    • 9
    • KHW
    • 74099
240 -Tytuł ujednolicony [1,0]
    • a
    • Tytuł ujednolicony
    • Man of property
    • l
    • Język tekstu
    • (ang.)
    • 9
    • KHW
    • 546257
245 -Strefa tytułu i oznaczenia odpowiedzialności [1,4]
    • a
    • Tytuł
    • The man of property / Find
    • c
    • Pozostałe elementy strefy tytułu i oznaczenia odpowiedzialności (NP)
    • by John Galsworthy.
250 -Strefa wydania [ , ]
    • a
    • Oznaczenie wydania (NP)
    • Cop. ed.
260 -Strefa adresu wydawniczego [ , ]
    • a
    • Miejsce wydania (P)
    • Leipzig :
    • b
    • Nazwa wydawcy (P)
    • Bernhard Tauchnitz,
    • c
    • Data wydania (P)
    • 1926.
300 -Strefa opisu fizycznego [ , ]
    • a
    • Określenie formy książki i/lub objętość (NP)
    • 368 s., [1] k. tabl. złoż. ;
    • c
    • Format (NP)
    • 17 cm.
336 -Typ zawartości [ , ]
    • a
    • Termin opisujący typ zawartości
    • Tekst
    • b
    • Kod określający zawartość
    • txt
    • 2
    • Źródło (terminu i kodu)
    • rdacontent
337 -Typ mediów [ , ]
    • a
    • Tryb odtwarzania
    • Bez urządzenia pośredniczącego
    • b
    • Kod typu mediów
    • n
    • 2
    • Źródło (terminu i kodu)
    • rdamedia
338 -Typ/rodzaj nośnika [ , ]
    • a
    • Hasło opisujące typ nośnika
    • Wolumin
    • b
    • Kod typu nośnika
    • nc
    • 2
    • Źródło (terminu i kodu)
    • rdacarrier
490 -Strefa serii i książki wielotomowej - forma nie do wyszukiwania [1, ]
    • a
    • Tytuł (P)
    • Collection of British Authors : Tauchnitz Edition ; Find
    • v
    • Numeracja (P)
    • vol. 4733
490 -Strefa serii i książki wielotomowej - forma nie do wyszukiwania [1, ]
    • a
    • Tytuł (P)
    • The Forsyte saga / by John Galsworthy ; Find
    • v
    • Numeracja (P)
    • vol. 1
830 -Hasło dodatkowe serii i opisu książki wielotomowej - tytuł ujednolicony/tytuł [ ,0]
    • a
    • Tytuł ujednolicony/tytuł (NP)
    • Collection of British and American Authors
    • v
    • Oznaczenie tomu (NP)
    • vol. 4733
    • 9
    • KHW
    • 92003
080 -Uniwersalna Klasyfikacja Dziesiętna [ , ]
    • a
    • Symbol klasyfikacji
    • 820-31=20
980 -Symbol UKD [ , ]
    • a
    • UKD
    • 820-31=20
800 -Hasło dodatkowe opisu książki wielotomowej - nazwa osobowa [1, ]
    • a
    • Nazwa osobowa (NP)
    • Galsworthy, John
    • d
    • Daty biograficzne (NP)
    • (1867-1933).
    • t
    • Tytuł ujednolicony/tytuł (NP)
    • Forsyte saga
    • l
    • Język tekstu (NP)
    • (ang.)
    • v
    • Oznaczenie tomu (NP)
    • vol. 1
    • 9
    • KHW
    • 546255
Lokalizacja Data inwentaryzacji Status udost. Numer inwentarzowy
BG2002-12-111JK.420
BM1999-05-201A.16